| 000 | 00599nam a22002053a 4500 | ||
|---|---|---|---|
| 005 | 20230328063541.0 | ||
| 008 | 011002s2000 ea r 000 0 eng d | ||
| 020 | _a0072289538 | ||
| 035 | _aUPN01000112453 | ||
| 049 | _aCG | ||
| 050 | 4 |
_aLB3051 _bA4.2 2000 |
|
| 100 | 1 | _aAirasian, Peter W. | |
| 245 | 1 | 0 |
_aAssessment in the classroom : _ba concise approach / _cPeter W. Airasian. |
| 250 | _a2a ed. | ||
| 260 |
_aBoston, E.U.A. : _bMcGraw-Hill, _c2000. |
||
| 300 |
_a305 p. : _bil. |
||
| 650 | 4 |
_aMEDICIONES Y PRUEBAS EDUCATIVAS - _zESTADOS UNIDOS |
|
| 650 | 2 |
_aExámenes _917034 |
|
| 905 | _aLibro | ||
| 999 |
_c86361 _d86361 |
||